The environmental brief : (Record no. 121383)
[ view plain ]
| 000 -LEADER | |
|---|---|
| fixed length control field | 01804aam a2200277 a 4500 |
| 005 - DATE AND TIME OF LATEST TRANSACTION | |
| control field | 20230301145937.0 |
| 008 - FIXED-LENGTH DATA ELEMENTS--GENERAL INFORMATION | |
| fixed length control field | 230301s2007 enkae b 001 0 eng |
| 010 ## - LIBRARY OF CONGRESS CONTROL NUMBER | |
| LC control number | 2006007956 |
| 020 ## - INTERNATIONAL STANDARD BOOK NUMBER | |
| ISBN | 9780415290456 (pbk.) |
| 020 ## - INTERNATIONAL STANDARD BOOK NUMBER | |
| ISBN | 0415290457 (pbk.) |
| 035 ## - SYSTEM CONTROL NUMBER | |
| System control number | (Uk)013023414 |
| 041 ## - LANGUAGE CODE | |
| Language code of text/sound track or separate title | eng |
| 082 00 - DEWEY DECIMAL CLASSIFICATION NUMBER | |
| Classification number | 720.47 |
| 245 04 - TITLE STATEMENT | |
| Title | The environmental brief : |
| Subtitle | pathways for green design / |
| Statement of responsibility, etc | Richard Hyde ... [et al.]. |
| 260 ## - PUBLICATION INFORMATION | |
| Place of publication | Abingdon : |
| Publisher | Taylor and Francis, |
| Date | 2007. |
| 300 ## - PHYSICAL DESCRIPTION | |
| Physical description | ix, 334 p. : |
| Other physical details | ill., plans ; |
| Dimensions | 29 cm. |
| 504 ## - BIBLIOGRAPHY, ETC. NOTE | |
| Bibliography, etc | Includes bibliographical references and index. |
| 520 ## - ABSTRACT | |
| Abstract | The built environment is responsible for an estimated 45% of all green house gas emissions. It is during the design process where decisions are made and which can have the greatest influence on the reduction of the impact of the built environment. The architectural brief is seen by architects as the most crucial part of the entire design process in terms of achieving high quality buildings. Environmental design strategies are often considered as being of lesser importance. In this important new book, the authors argue that the use of an environment brief to drive building design is extremely effective in producing high environmental performance. It is part of the process of continual improvement that will lead to building design approaching sustainability. The contents are presented in three parts: theoretical issues of environmental briefing; the briefing method and process and a series of international case studies. |
| 650 #0 - KEYWORDS | |
| Keywords | Sustainable architecture. |
| 650 #0 - KEYWORDS | |
| Keywords | Architecture |
| General subdivision | Environmental aspects. |
| 650 #0 - KEYWORDS | |
| Keywords | Sustainable development. |
| 651 ## - SUBJECT ADDED ENTRY--GEOGRAPHIC NAME | |
| Geographic name | United Kingdom |
| 700 1# - ADDED PERSONAL NAME | |
| Added personal author | Hyde, Richard, |
| 942 ## - ADDED ENTRY ELEMENTS (KOHA) | |
| Suppress in OPAC | Do not suppress in OPAC |
| Lost status | Damaged status | Not for loan | Collection code | Home library | Current library | Shelving location | Date acquired | Total Checkouts | Full call number | Date last seen | Price effective from | Koha item type |
|---|---|---|---|---|---|---|---|---|---|---|---|---|
| Reference | London | London | Books | 01/03/2023 | 720.47 | 01/03/2023 | 01/03/2023 | Book |